000 01169nam0a2200325 4500
001 RU\NLR\bibl\1167473
005 20260406132804.0
010 _a978-5-17-046472-2
_bАСТ
010 _a978-5-271-17915-0
_bАстрель
_95000
021 _aRU
_b2007-76434
_94110
035 _a(NLR Aleph) 001154181
090 _a1496640
_c1496640
100 _a20071213d2007 |||y0rusy50 ca
101 1 _arus
_ceng
102 _aRU
105 _aa |||||||||
200 1 _aГамлет
_fУильям Шекспир
_gпер. с англ. Б. Пастернака
210 _aМосква
_cАСТ
_cАстрель
_d2007
215 _a222, [1] c.
_cил.
_d20
225 1 _aБиблиотека школьника
225 1 _aВсе произведения школьной программы для обязательного чтения и изучения
686 _aШ9(4Вл)62-6
700 1 _4070
_8rus
_7ca
_aШекспир
_bУ.
_f1564-1616
_gУильям
_3RU\NLR\AUTH\771995
_9112012
801 0 _aRU
_bNLR
_c20071213
_gRCR
801 1 _aRU
_bNLR
_c20071213
942 _cBOOK
980 _aNB